[Event "Tarragona Province-ch Seniors"]
[Site "Salou"]
[Date "2014.02.13"]
[Round "3"]
[White "Puyalto Nevot, Rafael"]
[Black "Ferre Basora, Pere"]
[Result "1-0"]
[WhiteElo "1837"]
[BlackElo "1940"]
[PlyCount "69"]
[EventDate "2014.01.30"]
[EventType "swiss"]
[EventRounds "8"]
[EventCountry "ESP"]
[SourceTitle "EXT 2024"]
[Source "ChessBase"]
[SourceDate "2023.10.10"]
[SourceVersion "1"]
[SourceVersionDate "2023.10.10"]
[SourceQuality "1"]

1. d4 d5 2. c4 e6 3. Nc3 f5 4. Nf3 Nf6 5. e3 Bd6 6. Bd3 0-0 7. cxd5 exd5 8. 0-0 Ne4 9. Qb3 c6 10. Ne5 Nd7 11. Nxd7 Qxd7 12. Nxe4 fxe4 13. Bxe4 Kh8 14. Bd3 Qg4 15. Bd2 Rb8 16. Bb4 Bxb4 17. Qxb4 Be6 18. Qa4 a6 19. Qc2 Rf6 20. Rae1 Rh6 21. f3 Qg5 22. Rf2 Rf8 23. e4 Rhf6 24. Qd2 Qh5 25. Qe3 Rf4 26. Ref1 Rh4 27. g3 Rh3 28. Be2 Qg6 29. exd5 Bxd5 30. Qe7 Re8 31. Qxb7 Qf6 32. Qd7 Qe6 33. Qxe6 Rxe6 34. Bxa6 Bxa2 35. Bc8 1-0

[Event "Tarragona Province-ch Seniors"]
[Site "Salou"]
[Date "2014.01.30"]
[Round "1"]
[White "Tafalla Grau, Angel"]
[Black "Ferre Basora, Pere"]
[Result "1-0"]
[WhiteElo "2150"]
[BlackElo "1940"]
[PlyCount "95"]
[EventDate "2014.01.30"]
[EventType "swiss"]
[EventRounds "8"]
[EventCountry "ESP"]
[SourceTitle "EXT 2024"]
[Source "ChessBase"]
[SourceDate "2023.10.10"]
[SourceVersion "1"]
[SourceVersionDate "2023.10.10"]
[SourceQuality "1"]

1. d4 Nf6 2. Bf4 d5 3. e3 e6 4. Nf3 a6 5. Bd3 c5 6. c3 Be7 7. Nbd2 Nc6 8. Rc1 c4 9. Bb1 0-0 10. Ne5 Bd7 11. Qc2 b5 12. g4 g6 13. Ndf3 b4 14. h4 Ne4 15. h5 g5 16. Bg3 h6 17. Nxc6 Bxc6 18. Ne5 Be8 19. f3 Nf6 20. 0-0 Kg7 21. e4 Rh8 22. Qe2 Bb5 23. f4 dxe4 24. Bxe4 Nd5 25. fxg5 Be8 26. gxh6+ Rxh6 27. Rf3 Ra7 28. Rcf1 Bg5 29. Nxc4 Bb5 30. Bd3 bxc3 31. Nd6 Be8 32. bxc3 Rd7 33. Ne4 Nxc3 34. Nxc3 Rxd4 35. Be5+ Kg8 36. Bxd4 Qxd4+ 37. Qf2 Qxg4+ 38. Rg3 Qh4 39. Ne4 Rxh5 40. Rxg5+ Rxg5+ 41. Nxg5 Qxg5+ 42. Qg2 Qxg2+ 43. Kxg2 a5 44. a3 Kf8 45. Kf3 Ke7 46. Rb1 e5 47. Ke3 Bc6 48. Bf5 1-0